000 00897nam a22002897a 4500
003 CHAP
005 20220329140644.0
008 971013s1978 r 00010 d
010 _a55444
011 _a56416
035 _a60569
040 _cCHAP
082 _a641.1
_bS25
110 _aScientific American
_9103326
245 _aAlimentación y agricultura
260 _aBarcelona :
_bLabor,
_c1978
300 _a192 p.
_b: ilus. ; gráfs.
590 _aBATCH-UPD
_b10
_c20130110
_lUCH01
_h1818
590 _aCONVERSION
_b10
_c20130109
_lUCH01
_h1330
650 1 4 _aAgricultura.
_91172
650 1 4 _aAlimentos.
_94114
901 _aBK
942 _cLIBRO
949 _a641.1 S25
_bBC
_cLIBRO
_d33724000139994
_eLIBRO
_fc.3
_h52396
_i60569
_si
949 _a641.1 S25
_bBC
_cLIBRO
_d33724000140000
_eLIBRO
_h52394
_i60569
_si
949 _a641.1 S25
_bBC
_cLIBRO
_d33724000140380
_eLIBRO
_fc.2
_h52395
_i60569
_si
999 _c55444
_d55444